UITU Library & LRC     

Integrated Service Access Network (Record no. 33530)

MARC details
000 -LEADER
fixed length control field 00481nam a2200133Ia 4500
008 - FIXED-LENGTH DATA ELEMENTS--GENERAL INFORMATION
fixed length control field 260210s9999 xx 000 0 und d
024 ## - OTHER STANDARD IDENTIFIER
Standard number or code 04B-014-TE, 04B-018-TE, 04B-011-TE & 04B-004-TE
082 ## - DEWEY DECIMAL CLASSIFICATION NUMBER
Classification number 621.382072 AHS
100 ## - MAIN ENTRY--PERSONAL NAME
Personal name Ahsan Tahir, Umair Aftab, Akbar Uddin Shaheryar & Muhammad Zohaib Khan
245 #0 - TITLE STATEMENT
Title Integrated Service Access Network
260 ## - PUBLICATION, DISTRIBUTION, ETC.
Place of publication, distribution, etc. Karachi:
Name of publisher, distributor, etc. UITU,
Date of publication, distribution, etc. 2004
600 ## - SUBJECT ADDED ENTRY--PERSONAL NAME
Personal name Telecommunication Engineering
650 ## - SUBJECT ADDED ENTRY--TOPICAL TERM
Topical term or geographic name entry element Bachelor of Engineering (BE)

No items available.

Powered by Koha